000 00754nam a22001697a 4500
999 _c60761
_d60761
005 20231019120132.0
008 231019s1974 bu ||||| |||| 00| 0 bul d
041 _abul
080 _a738(083.22) Д-73
100 _aДремсизова-Нелчинова, Цветана
_920126
245 _aАнтични теракоти от България /
_cЦветана Дремсизова-Нелчинова, Горанка Тончева.
264 _aСофия :
_bБългарски художник
_c1971.
300 _a123 стр.:
_bил.;
_c29 см.
653 _aანტიკური ტერაკოტი ბულგარეთიდან
700 _aТончева, Горанка
_eავტორი
_920127
942 _2udc
_cBK